000 00464nam a2200181Ia 4500
001 11056
005 20260306161918.0
008 260306t2009||||xx |||||||||||||| ||spa||
041 _aESP
082 _a985.0018
_bR715
100 _aRamos Nuñez, Carlos Augusto
_eAUT
245 0 _aJorge Basadre:
_bhistoriador del derecho y comparatista
260 _c2009
300 _a127 páginas :
_c20 cm.
650 _aGEN
654 _aCHU
942 _cLIB
_dJUS
_fJUS
_2ddc
_n
999 _c11056
_d11056